| 000 | 00682nam a22001577a 4500 | ||
|---|---|---|---|
| 003 | OSt | ||
| 005 | 20150927161427.0 | ||
| 008 | 150927b xxu||||| |||| 00| 0 eng d | ||
| 040 | _cRUA | ||
| 082 | _aAGR MEN 2008 B035 Or.1 | ||
| 100 |
_91448 _aMENG, SETHYRADETH. |
||
| 245 | _aEffects of cow manure and NPK fertilizer application on mungbean (vigna radiata) on kein svay soil, ឥទ្ធិពលនៃការប្រើប្រាស់ជីលាមកគោ និង ជី NKP លើដំណាំសណ្តែកបាយលើក្រុមជីកៀនស្វាយ | ||
| 260 |
_aPhnom Penh _bRUA _c2008 |
||
| 300 |
_aix, 47p. _bill. _c29cm. |
||
| 942 |
_2ddc _cAGR |
||
| 999 |
_c1360 _d1360 |
||